| 000 | 00493nam a2200145 4500 | ||
|---|---|---|---|
| 001 | 3680 | ||
| 005 | 20181127171752.0 | ||
| 090 | 0 | 0 | _a241.3 K9646c 2011 |
| 100 | 0 | 0 | _aKung, Chin. |
| 245 | 0 | 0 |
_aThe collected works of venerable master Chin Kung : _bThe awakening of lovingkindness / _cChin Kung. _h |
| 260 | 0 | 0 |
_aTaipei, Taiwan : _bThe Corporate Body of the Buddha Educational Foundation, _c2011. |
| 300 | 0 | 0 | _av. ; 21 cm. |
| 500 | _a"Translated by Silent Voices" | ||
| 650 | 0 | 0 |
_aBuddhism and education. _x |
| 999 |
_c3004 _d3004 |
||